| 000 | 00935nam a22001937a 4500 | ||
|---|---|---|---|
| 008 | 110801t1997 xxu||||g |||| 000 0 ara d | ||
| 020 | _a9775652723 | ||
| 082 |
_222 _a378.62 _bر ي د |
||
| 100 |
_926511 _aريد، دونالد مالكوم |
||
| 245 |
_aدور جامعة القاهرة فى بناء مصر الحديثة/ _bتأليف دونالد مالكوم ريد؛ترجمة إكرام يوسف |
||
| 260 |
_aالقاهرة: _bمركز المحروسة للبحوث و التدريب و النشر،1997. _c1997. |
||
| 300 |
_a407ص، _c24سم. |
||
| 650 |
_926513 _aجامعة القاهرة |
||
| 650 |
_926514 _aجامعة القاهرة _yتاريخ |
||
| 653 |
_bGeneral _cAugust2011 |
||
| 700 |
_926512 _aيوسف،إكرام |
||
| 942 |
_2ddc _cBB |
||
| 999 |
_c15766 _d15766 |
||